000 01046nam a22002897a 4500
001 4729
003 FISKH
005 20240927150915.0
008 240926b cb ||||| |||| 00| 0 eng d
020 _a9780545234924
040 _aFISKH
_beng
_cFISKH
_dFISKH
050 _aPZ7.B75695
082 _a813.6
100 _aBrewer, Heather
_eauthor
245 _aTenth Grade Bleeds /
_cby Heather Brewer
250 _aFirst Scholastic printing, February 2010
260 _aNew York :
_bScholastic ;
_c2009.
300 _a292 pages :
_billustrations ;
_c20 cm .
490 _a Chronicles of Vladimir Tod
_v3
505 _aU
520 _aAs the evil vampire D'Ablo seeks the ritual that would steal half-vampire Vlad's powers, Vlad struggles to resist feeding on the people around him, has a conflict with his best friend Henry, and gives up all hope of a normal year at Bathory High.
521 8 _a820
_bLexile
521 8 _aU
_bRaz-Plus
650 _avampire
_vyoung adult fiction
942 _2ddc
_cBK
_n0
999 _c4729
_d4729